| 000 | 00000nam##2200000za#4500 |
| 001 | 9.574067 |
| 003 | CaOODSP |
| 005 | 20210624184013 |
| 007 | cr ||||||||||| |
| 008 | 150406|2002||||xxc|||||o f|0| 0 eng|d |
| 022 | |a1488-5379 |
| 040 | |aCaOODSP|beng |
| 043 | |an-cn--- |
| 086 | 1 |aFs97-6/2441E-PDF |
| 110 | 1 |aCanada. |bDepartment of Fisheries and Oceans. |
| 245 | 10|aTime series analysis of temperature, salinity, chlorophyll and oxygen data from Tracadie Bay, PEI / |h[electronic resource]|c[by] M. Dowd, F. Page and R. Losier. |
| 260 | |aSt. Andrews - New Brunswick : |bFisheries and Oceans Canada |cDecember 2002. |
| 300 | |a88p.|bgraphs, maps, references, tables |
| 490 | 1 |aCanadian technical report of fisheries and aquatic sciences|x1488-5379|v2441 |
| 500 | |aThe catalogue number (Fs97-6/2441E) and ISSN (0706-6457) for the print edition have been incorrectly copied in this electronic publication. |
| 546 | |a(Résumé en français) |
| 590 | |a12-35-Supp|b2012-08-09 |
| 720 | 1 |aPage, F. |
| 720 | 1 |aDowd, M. |
| 720 | 1 |aLosier, R. |
| 776 | 0#|tTime series analysis of temperature, salinity, chlorophyll and oxygen data from Tracadie Bay, PEI / |w(CaOODSP)9.616539 |
| 830 | #0|aCanadian technical report of fisheries and aquatic sciences,|x1488-5379|v2441|w(CaOODSP)9.504449 |
| 856 | 40|ahttp://publications.gc.ca|qPDF|s4.33 MB|uhttps://publications.gc.ca/collections/collection_2012/mpo-dfo/Fs97-6-2441-eng.pdf|y2441 |